Регионална библиотека "Любен Каравелов" - Русе

Елена Николай (Запис номер 144012)

MARC детайли
000 -Лидер
Контролно поле с фиксирана дължина 01925nam a2200433 a 4500
003 - Код на организацията, давaща контролен номер
Контролно поле BLK
005 - Дата и час на последна редакция
Контролно поле 20250730094539.0
008 - Елементи от данни с фиксирана дължина
fixed length control field 180410b bul|||||r ||||||| ||bul||
010 ## - Наследен системен номер
LC control number KNG00150161000
020 ## - Международен стандартен номер на книга ISBN
Международен стандартен номер на книга ISBN 978-954-321-927-8
040 ## - Източник на каталожния запис
Идентификатор на билиотеката - собственик на записа BLK
041 ## - Код за език
Код за езика на текст/звукозапис или на отделно заглавие Български
Код за езика КДБФ Български
072 #7 - Код за тематичната категория
Код организация bullib
Код за тематична категория Н70
Текст Изкуства Н
080 ## - УДК
Текстов определител УДК Българска литература
УДК код - определител по УДК 821.163.2
УДК определител -94
УДК - код + определител 821.163.2-94
080 ## - УДК
Текстов определител УДК Опера, музикална драма - изпълнители
УДК код - определител по УДК 782.1.071.2
УДК определител (497.2)(092)
УДК - код + определител 782.1.071.2(497.2)(092)
080 ## - УДК
Текстов определител УДК Стоянка Савова Николова. Българска оперна певица, мецосопрано
УДК код - определител по УДК 929 Николай, Елена
УДК - код + определител 929 Николай, Елена
100 ## - Редна дума - Автор
Автор Абаджиев, Александър Маринов
Дати, свързани с автора 1935-
R(LIN) 366865
139 ## - Редно поле
Редна дума Абаджиев, Александър Маринов
Авторски знак Аб - А 12
245 10 - Сведения за заглавието
Заглавие Елена Николай
Подзаглавни данни Най-великото мецосопрано на ХХ век
Редно поле (дума) Александър Маринов Абаджиев.
257 ## - Страна на издаване
Страна на създаване/издаване България
260 ## - Област на издателските данни
Име на издателя, разпространителя и проч. Изток-Запад
Година на издаване 2011
Място на издаване, разпространение и проч. София
300 ## - Физическа характеристика
Страници 120 с.
Илюстрации и др. с ил., портр.
Размери/Мащаб 23 см
380 ## - Жанр
Жанр Изкуство
500 ## - Общи забележки
Забележка Елена Николай псевд. на Стоянка Савова Николова
600 14 - Име на лице, използвано като предмет
За него / За нея Николай, Елена
9 (RLIN) 294249
650 #4 - Допълнително описание по предмет – тема
Основно описание – тема или топоним Оперни и оперетни артисти, български - творчество
9 (RLIN) 243972
650 #4 - Допълнително описание по предмет – тема
Основно описание – тема или топоним Опера - изпълнители
9 (RLIN) 275448
651 #4 - Допълнително описание по предмет - топоним
Географско понятие България
9 (RLIN) 241624
653 ## - Ключова дума – ненормативна
Ключова дума оперни изпълнители
653 ## - Ключова дума – ненормативна
Ключова дума Елена Николай
659 ## - Тематичен бюлетин
Тематичен бюлетин Н
852 ## - Местоположение
Форматна сигнатура Цб 264428
Фондова буква Хранилище
856 4# - Електронен адрес и достъп
Електронен формат pdf - файл
856 4# - Електронен адрес и достъп
Електронен формат pdf - файл
942 ## - АРТИКУЛИ
Вид на библиотечния материал Книги
Скрит в OPAC Не
Koha issues (borrowed), all copies 20
944 ## - СЪЗДАВАНЕ И РЕДАКЦИЯ на ЗАПИСА
Създаване/Редакция Създаване
Дата на регистрацията/редакция 09.09.2013
Служител, извършил регистрацията/редакцията 30576
Статус, дата на статуса Цветомила Тодорова
944 ## - СЪЗДАВАНЕ И РЕДАКЦИЯ на ЗАПИСА
Създаване/Редакция Редакция
Дата на регистрацията/редакция 21.08.2023
Служител, извършил регистрацията/редакцията ир
999 ## - СИСТЕМНИ КОНТРОЛНИ НОМЕРА
Koha biblionumber 144012
Koha biblioitemnumber 144012
999 ## - СИСТЕМНИ КОНТРОЛНИ НОМЕРА
Koha biblioitemnumber 144012
Наличности
Код за отписване Код за изгубен артикул Код за повреда Коз за рестрикции Код за отдаване Артикулен № Име на библиотеката - собственик Име на библиотеката, в която се намира в момента Статус (Текущо местоположение) Дата на вписване в системата Местоположение - отдел Цена в лева Инвентарен номер Систематично азбучна сигнатура Баркод Номер на екземпляра Цена в евро Служебна бележка Служебен тип на артикула Източник на класификационната схема
  Не е изгубен Не е повреден без рестрикции ползва се в читалня 239263 Регионална библиотека "Любен Каравелов" Русе Регионална библиотека "Любен Каравелов" Русе Хранилище 2013-09-09 Хранилище 10.00 120000769177 Цб 264428 120000769177 1 5.11 Дост: Dp Вид: Д N: 21 Дата: 16.05.2012 Книги  
  Не е изгубен Не е повреден без рестрикции заемане за дома 239264 Регионална библиотека "Любен Каравелов" Русе Регионална библиотека "Любен Каравелов" Русе Заемна - подръчен фонд 2012-11-25 Заемна - подръчен фонд 10.00 120000761450 П 886.7-9/А 12 120000761450 2 5.11 Дост: Pk Вид: Ф N: 321 Дата: 19.11.2012 Книги Universal Decimal Classification
Vip Innovations Ltd, Rousse, Bulgaria 2025